| 000 | 00838cam a2200253 a 4500 | ||
|---|---|---|---|
| 001 | 000019572 | ||
| 005 | 20200929170049.0 | ||
| 008 | 831213s1945 ag 000 f spa d | ||
| 040 |
_aDO-SdBNP _bspa _cDLC _dBNPHU |
||
| 082 |
_a863.6 _bA996m |
||
| 100 | 1 |
_aAzorín, _d1873-1967 _95278 |
|
| 245 | 1 | 0 |
_aMaría Fontán : _bnovela rosa / _cAzorín. |
| 260 |
_aBuenos Aires, Argentina : _bEspasa-Calpe Argentina, _c1945. |
||
| 300 |
_a147, [8] p. ; _c18 cm. |
||
| 490 | 1 |
_aAustral. Azul: novelas y cuentos en general _v525 |
|
| 500 | _aIncluye índice de autores. | ||
| 650 | 4 |
_aNovela española _91123 |
|
| 650 | 4 |
_aLiteratura española _9632 |
|
| 650 | 4 |
_aNovela amorosa española _941678 |
|
| 830 | 0 |
_aAustral. _pAzul: novelas y cuentos en general; _v525 _922386 |
|
| 910 | _aCatalogación derivada / LC | ||
| 910 | _aWM | ||
| 049 | _aBNGR | ||
| 999 |
_c19088 _d19088 |
||